000 00657nam a2200241 i 4500
001 C2-0137930
003 PPAK
005 20180727124505.0
008 971221s1994 enka|||| ||||| | eng d
040 _aPPAK
_beng
_cPPAK
_erda
082 0 4 _a798.23
_223
090 0 0 _a798.23
_bWAT
_dK
090 0 0 _a798.23
_bWAT
_dR
100 1 _aWatson, Mary Gordon,
_eauthor
245 1 0 _aLearn to ride in a weekend
264 1 _aLondon :
_bDarling Kindersley ,
_c1994
300 _a95 pages :
_bcolour illustrations ;
_c22 cm
336 _2rdacontent
_atext
337 _2rdamedia
_aunmediated
338 _2rdacarrier
_avolume
650 1 0 _aRiding
942 _ddc
_cB
999 _c43249
_d43249